Guess the Countries by their Parliament House - Statistics

General Stats
  • This quiz has been taken 45 times
  • The average score is 13 of 17
Answer Stats
Picture Answer % Correct
United Kingdom
97%
United States
97%
Germany
94%
China
92%
Russia
92%
Spain
92%
Italy
89%
France
86%
Hungary
83%
Australia
75%
Brazil
75%
Japan
75%
Romania
67%
India
61%
South Korea
56%
Turkey
53%
Taiwan
33%
No matching quizzes found
Score Distribution
Percent of People with Each Score
Percentile by Number Answered
Your Score History
You have not taken this quiz